An introduction to mechanical engineering / (Record no. 532495)
[ view plain ]
| 000 -LEADER | |
|---|---|
| fixed length control field | 01613cam a22003497a 4500 |
| 001 - CONTROL NUMBER | |
| control field | 13028217 |
| 003 - CONTROL NUMBER IDENTIFIER | |
| control field | NUST |
| 005 - DATE AND TIME OF LATEST TRANSACTION | |
| control field | 20191122100052.0 |
| 008 - FIXED-LENGTH DATA ELEMENTS--GENERAL INFORMATION | |
| fixed length control field | 021211s2004 at a b 001 0 eng d |
| 010 ## - LIBRARY OF CONGRESS CONTROL NUMBER | |
| LC control number | 2002117171 |
| 020 ## - INTERNATIONAL STANDARD BOOK NUMBER | |
| International Standard Book Number | 053439132X |
| 035 ## - SYSTEM CONTROL NUMBER | |
| System control number | (OCoLC)ocm53229239 |
| 038 ## - RECORD CONTENT LICENSOR | |
| Staff Name | msohail |
| 040 ## - CATALOGING SOURCE | |
| Original cataloging agency | UOK |
| Transcribing agency | UOK |
| Modifying agency | VYM |
| -- | OCLCQ |
| -- | DLC |
| 042 ## - AUTHENTICATION CODE | |
| Authentication code | lccopycat |
| 050 00 - LIBRARY OF CONGRESS CALL NUMBER | |
| Classification number | TJ145 |
| Item number | .W45 2004 |
| 082 04 - DEWEY DECIMAL CLASSIFICATION NUMBER | |
| Classification number | 621 |
| Edition number | 21 |
| 100 1# - MAIN ENTRY--PERSONAL NAME | |
| Personal name | Wickert, Jonathan A. |
| Fuller form of name | (Jonathan Adam) |
| 9 (RLIN) | 26042 |
| 245 13 - TITLE STATEMENT | |
| Title | An introduction to mechanical engineering / |
| Statement of responsibility, etc. | Jonathan Wickert. |
| 260 ## - PUBLICATION, DISTRIBUTION, ETC. | |
| Place of publication, distribution, etc. | Southbank, Vic. ; |
| -- | Belmont, CA : |
| Name of publisher, distributor, etc. | Thomson Brooks/Cole, |
| Date of publication, distribution, etc. | c2004. |
| 300 ## - PHYSICAL DESCRIPTION | |
| Extent | xxi, 313 p. : |
| Other physical details | ill. ; |
| Dimensions | 25 cm. |
| 504 ## - BIBLIOGRAPHY, ETC. NOTE | |
| Bibliography, etc. note | Includes bibliographical references and index. |
| 505 0# - FORMATTED CONTENTS NOTE | |
| Formatted contents note | The mechanical engineering profession -- Problem solving skills -- Machine components and tools -- Forces in structures and fluids -- Materials and stresses -- Thermal and energy systems -- Motion of machinery -- Mechanical design. |
| 650 #0 - SUBJECT ADDED ENTRY--TOPICAL TERM | |
| Topical term or geographic name entry element | Mechanical engineering. |
| 9 (RLIN) | 26043 |
| 856 41 - ELECTRONIC LOCATION AND ACCESS | |
| Materials specified | Table of contents only |
| Uniform Resource Identifier | <a href="http://www.loc.gov/catdir/toc/fy0611/2002117171.html">http://www.loc.gov/catdir/toc/fy0611/2002117171.html</a> |
| 856 42 - ELECTRONIC LOCATION AND ACCESS | |
| Materials specified | Contributor biographical information |
| Uniform Resource Identifier | <a href="http://www.loc.gov/catdir/enhancements/fy1103/2002117171-b.html">http://www.loc.gov/catdir/enhancements/fy1103/2002117171-b.html</a> |
| 856 42 - ELECTRONIC LOCATION AND ACCESS | |
| Materials specified | Publisher description |
| Uniform Resource Identifier | <a href="http://www.loc.gov/catdir/enhancements/fy1103/2002117171-d.html">http://www.loc.gov/catdir/enhancements/fy1103/2002117171-d.html</a> |
| 906 ## - LOCAL DATA ELEMENT F, LDF (RLIN) | |
| a | 7 |
| b | cbc |
| c | copycat |
| d | 3 |
| e | epcn |
| f | 20 |
| g | y-gencatlg |
| 942 ## - ADDED ENTRY ELEMENTS (KOHA) | |
| Source of classification or shelving scheme | |
| Koha item type | Book |
| Withdrawn status | Lost status | Source of classification or shelving scheme | Damaged status | Not for loan | Permanent Location | Current Location | Date acquired | Total Checkouts | Full call number | Barcode | Date last seen | Price effective from | Koha item type |
|---|---|---|---|---|---|---|---|---|---|---|---|---|---|
| School of Civil and Environmental Engineering (SCEE) | School of Civil and Environmental Engineering (SCEE) | 11/22/2019 | 621 | NIT-12385 | 11/22/2019 | 11/22/2019 | Book |
